| 000 | nam a22 7a 4500 | ||
|---|---|---|---|
| 999 |
_c234618 _d234618 |
||
| 005 | 20170327200946.0 | ||
| 008 | 170327b xxu||||| |||| 00| 0 eng d | ||
| 020 | _a9789698893095 | ||
| 040 | _c. | ||
| 082 | _aBB-430 | ||
| 100 | _aMehmood , Khalid | ||
| 245 |
_aAsian Glory / _cSyed Khalid Mehmood |
||
| 260 |
_aKarachi _bJumbo _c2012. |
||
| 300 |
_a161p, ; _c22 cm. |
||
| 942 |
_2ddc _cBK |
||